| 000 | 01062nam a2200265 i 4500 | ||
|---|---|---|---|
| 001 | 99545 | ||
| 003 | ES-MaACL | ||
| 005 | 20250307092935.0 | ||
| 007 | t| | ||
| 008 | 050913s1961 sp ||||1| spa d | ||
| 100 | 1 |
_aMartínez Amador, Emilio M. _977852 |
|
| 245 | 1 | 0 |
_aDiccionario español-italiano [e italiano español] / _cEmilio M. Martínez Amador; revisado y ampliado por David Ortega Cavero. |
| 260 |
_aBarcelona : _bRamón Sopena, _c1961. |
||
| 300 |
_a2 v. ; _c22 cm. |
||
| 650 | 4 |
_aLengua italiana- _vDiccionarios- _xEspañol. _914287 |
|
| 650 | 4 |
_aLengua española- _vDiccionarios- _xItaliano. _914143 |
|
| 700 | 1 |
_aOrtega Cavero, David. _987447 |
|
| 852 | 4 |
_aES-MaACL _jG-16097 _cDEPO2 _pv.1 _bR.55090 _dOlim: A-5457 _9201326 |
|
| 852 | 4 |
_aES-MaACL _jG-16098 _9103265 _cDEPO2 _pv.2 _dOlim: A-5458 _bR.55090 |
|
| 852 | 4 |
_aES-MaACL _pv.1 _9103266 _cDEPO2 _dOlim: A-5459 _jG-16099 |
|
| 852 | 4 |
_aES-MaACL _cDEPO2 _pv.2 _9201325 _dOlim: A-5460 _jG-16100 |
|
| 942 |
_2udc _cMONOGRAFIA _n0 |
||
| 999 |
_c99545 _d99545 |
||